000 00485nam a2200181Ia 4500
003 GCL
008 140319s9999 xx 000 0 eng d
040 _aGCL /
_cGCL
082 0 4 _a330.917627
_bF A
100 1 _aFINDLAY, PAUL
245 1 0 _aTHE ARAB WORLD /
_cFINDLAY, PAUL
700 1 _aFINDLAY, ALLAN
260 _a[S.N] :
_bROUTLEDGE INTRODUCTIONS TO DEVELOPMENT ،
_c1994
300 _a206 P
650 0 4 _aARABIC COUNTRIES - ECONOMIC
650 0 4 _aECONOMICS
942 _2ddc
_cBK
999 _c13271
_d13271